000 00290nam a2200109Ia 4500
008 200302s9999 xx 000 0 und d
100 _aArif Hasan
245 _aHousing for the Poor Failure of Formal Sector Strategies
260 _bCity Press Publication
260 _c2000
300 _a368 P.,
999 _c5659
_d5659